00371nam a2200121Ia 4500008004000000020001800040082001600058100002500074245005800099260004000157300001200197650004000209210210b2000 xxu||||| |||| 00| 0 eng d a81 7371 326 X a574.88 SUME aSUMMERS (William C). aFelix d'herelle and the origins of molecular biology. aHyderabadbUniversities Pressc2000 axii,230 ad'Herelle, Felix Molecular biology